000
00310cam a2200121ua 4500
082
_a
613
_b
BIR/TR
100
_a
Birendranath, Ghosh .
_9
1691
245
_a
Treatise on Hygiene and Public Health /
250
_a
15 /
260
_a
Jodhpur :
_b
Scientific Publishers ,
_c
1970.
300
_a
744 ; .
942
_c
BK
999
_c
10640
_d
10640